<?xml version="1.0" encoding="UTF-8"?><?xml-stylesheet type="text/xsl" href="static/style.xsl"?><OAI-PMH xmlns="http://www.openarchives.org/OAI/2.0/" xmlns:xsi="http://www.w3.org/2001/XMLSchema-instance" xsi:schemaLocation="http://www.openarchives.org/OAI/2.0/ http://www.openarchives.org/OAI/2.0/OAI-PMH.xsd"><responseDate>2026-04-14T17:27:09Z</responseDate><request verb="GetRecord" identifier="oai:uvadoc.uva.es:10324/82013" metadataPrefix="marc">https://uvadoc.uva.es/oai/request</request><GetRecord><record><header><identifier>oai:uvadoc.uva.es:10324/82013</identifier><datestamp>2026-01-22T20:05:39Z</datestamp><setSpec>com_10324_38</setSpec><setSpec>col_10324_852</setSpec></header><metadata><record xmlns="http://www.loc.gov/MARC21/slim" xmlns:doc="http://www.lyncode.com/xoai" xmlns:xsi="http://www.w3.org/2001/XMLSchema-instance" xmlns:dcterms="http://purl.org/dc/terms/" xsi:schemaLocation="http://www.loc.gov/MARC21/slim http://www.loc.gov/standards/marcxml/schema/MARC21slim.xsd">
<leader>00925njm 22002777a 4500</leader>
<datafield tag="042" ind1=" " ind2=" ">
<subfield code="a">dc</subfield>
</datafield>
<datafield tag="720" ind1=" " ind2=" ">
<subfield code="a">Castro Mendes, David</subfield>
<subfield code="e">author</subfield>
</datafield>
<datafield tag="260" ind1=" " ind2=" ">
<subfield code="c">2025</subfield>
</datafield>
<datafield tag="520" ind1=" " ind2=" ">
<subfield code="a">Este trabajo de fin de grado tiene el objetivo de analizar el papel de la educación&#xd;
instrumental como herramienta integradora en la asignatura de educación musical.&#xd;
A través de una profunda investigación y revisión bibliográfica, se buscan los&#xd;
beneficios del trabajo con instrumentos musicales en el desarrollo social, emocional y&#xd;
cognitivo de los alumnos, sobre todo en aquellos con dificultades para relacionarse o&#xd;
con necesidades educativas especiales.&#xd;
El estudio se encuentra dentro del contexto de la inclusión educativa y busca&#xd;
aportar una reflexión teórica sobre cómo la práctica instrumental en grupo puede ser&#xd;
beneficiosa para la participación, la autoestima y la integración de todos los alumnos.</subfield>
</datafield>
<datafield tag="520" ind1=" " ind2=" ">
<subfield code="a">This undergraduate thesis aims to analyse the role of instrumental education as&#xd;
an integrative tool within the subject of music education.&#xd;
Through in-depth research and a comprehensive literature review, the study&#xd;
explores the benefits of working with musical instruments on students’ social,&#xd;
emotional, and cognitive development, especially in those with difficulties in social&#xd;
interaction or special educational needs.&#xd;
The study is framed within the context of educational inclusion and seeks to&#xd;
provide a theoretical reflection on how group instrumental practice can be beneficial for&#xd;
participation, self-esteem, and the integration of all students.</subfield>
</datafield>
<datafield tag="024" ind2=" " ind1="8">
<subfield code="a">https://uvadoc.uva.es/handle/10324/82013</subfield>
</datafield>
<datafield tag="245" ind1="0" ind2="0">
<subfield code="a">La educación instrumental como herramienta para la inclusión: un análisis bibliográfico en el contexto escolar</subfield>
</datafield>
</record></metadata></record></GetRecord></OAI-PMH>